000
00305nam a2200133Ia 4500
008
241014s9999||||xx |||||||||||||| ||und||
020
_a
1996
100
_a
"Guyton,Arthur C."
245
0
_a
T/B of Medical Physicology
250
_a
9th
260
_c
Saunders
650
_a
Pharmaceutics
942
_b
DCOP
_c
BK
999
_c
4795
_d
4795